Search the Library Catalogue
| 000 -LEADER | |
|---|---|
| fixed length control field | 00641nam a2200205Ia 4500 |
| 008 - FIXED-LENGTH DATA ELEMENTS--GENERAL INFORMATION | |
| fixed length control field | 191130s2009##################000#0#eng## |
| 020 ## - INTERNATIONAL STANDARD BOOK NUMBER | |
| ISBN | 9780099529750 |
| 082 ## - DEWEY DECIMAL CLASSIFICATION NUMBER | |
| Classification number | 390.0944 BAR |
| 100 ## - MAIN ENTRY--AUTHOR NAME | |
| Personal name | Barthes, Roland |
| 245 ## - TITLE STATEMENT | |
| Title | Mythologies |
| Statement of responsibility, etc | Roland Barthes ; selected and translated from th efrench by Annette Levers with an introduction by Neil Badmington |
| 260 ## - PUBLICATION, DISTRIBUTION, ETC. (IMPRINT) | |
| Place of publication | London |
| Name of publisher | Vintage Books |
| Year of publication | c2009 |
| 300 ## - PHYSICAL DESCRIPTION | |
| Number of Pages | xx, 187 p. ; 23 cm |
| 650 ## - SUBJECT ADDED ENTRY--TOPICAL TERM | |
| Topical Term | Manners and customs |
| Topical Term | Semiotics |
| Topical Term | Signs and symbols |
| 991 ## - | |
| -- | 212996 |
No items available.